Alessia Russo Quiz - Statistics

General Stats
  • This quiz has been taken 323 times
    309 since last reset
  • The average score is 9 of 11
Answer Stats
Question Answer % Correct
Which shirt number does she wear for her current club? 23
100%
Who is her best friend at her former football club? Ella Toone
100%
In which position does she play? forward
100%
Which football club did she transer to in July 2023? Arsenal
98%
What was her former football club in the WSL? (season 2022/2023) Manchester United
96%
What is Alessia´s full name? Alessia Mia Teresa Russo
91%
When is her birthday? 8th February 1999
87%
Alessia did the fastest hattrick of all Lionesses against Latvia in 2021. How long did it last? 11 minutes
70%
When did she join the national england team? 2020
55%
How tall is Alessia? 175 cm (5 feet and 9 inches)
40%
When did she tranfer to the USA to play College football for North Carolina Tar Heels? 2017
40%
No matching quizzes found
Score Distribution
Percent of People with Each Score
Percentile by Number Answered
Your Score History
You have not taken this quiz since the last reset